00701nam a2200205 a 4500008004100000020002200041100001900063245008900082250001200171260004200183300003300225650005600258650005900314650003500373650003800408700002200446003000100468005001700469040000900486  a0851574696 (hbk.)1 aLambert, Jill.10aHow to find information in science and technology /cJill Lambert, Peter A. Lambert. a2nd ed. aLondon :bLibrary Association,c1991. axi, 108 p. :bill. ;c24 cm. 0aInformation storage and retrieval systemsxScience. 0aInformation storage and retrieval systemsxTechnology. 0aSciencexInformation services. 0aTechnologyxInformation services.1 aLambert, Peter A.20230123133534.0 cNUST